Normal view
MARC view
Entry Personal Name
001 - CONTROL NUMBER
- control field: 14117
003 - CONTROL NUMBER IDENTIFIER
- control field: ARRUPE
005 - DATE AND TIME OF LATEST TRANSACTION
- control field: 20150116121954.0
008 - FIXED-LENGTH DATA ELEMENTS
- fixed length control field: 150116|| aca||aabn | a|a d
040 ## - CATALOGING SOURCE
- Original cataloging agency: ARRUPE
- Transcribing agency: ARRUPE
100 ## - HEADING--PERSONAL NAME
- Personal name: Weisskopf, Victor Frederick,
- Dates associated with a name: 1908-2002.
670 ## - SOURCE DATA FOUND
- Source citation: Work cat.: (ARRUPE)0: Gottfried, Kurt. 14116, Concepts of particle physics /, 1984-1986.